000 00604nam a2200241Ia 4500
005 20260320201105.0
008 008 262003s9999 xx 000 0 eng d
037 _aEBOOK
040 _aCRL
040 _beng
040 _cCRL
041 _2eng
041 _aeng
084 _qCRL
100 _aHelszajn
_91134226
245 0 _aMicrowave Polarizers, Power Dividers, Phase Shifters, Circulators, and Switches
260 _bIEEE
260 _c2019
856 _uhttps://ieeexplore.ieee.org/servlet/opac?bknumber=8580444
942 _cEBOOK
999 _c1718804
_d1718804